| 000 | 01211cgm a2200325 4500 | ||
|---|---|---|---|
| 001 | E1966 | ||
| 008 | 090401t1994 xxu||||| |||| 00| 0 eng d | ||
| 035 | _a(Sirsi) u36636 | ||
| 041 | _aeng | ||
| 050 | _a711.552 | ||
| 100 | _aLee, Charles | ||
| 245 | _aRetail parks and their future (sound recording) | ||
| 260 |
_aLondon _bRICS _c1994 |
||
| 300 | _a1 sound cassette (60 min.) | ||
| 350 | _a10.21 | ||
| 490 | _aOwlion Audio Programme | ||
| 520 | _aLooks back to the emergence of these retail outlets., how they have prospered and wherein lie the interests of investors, developers and retailers. Also discussed are the matters of design, siting, planning and operation that are integral factors in satisfying the expectations of commercial interests as well as the shoppers. | ||
| 650 | _aAUDIO CASSETTES | ||
| 650 | _aRETAIL PARKS | ||
| 650 | _aSHOPPING CENTRES | ||
| 690 | _aPROPERTY-COMMERCIAL PROPERTY-RETAIL PROPERTY | ||
| 700 | _aAdams, J. | ||
| 700 | _aAshworth, Richard | ||
| 700 | _aMaynard, John | ||
| 700 | _aStevenson, Hugh | ||
| 710 |
_aRoyal Institution of Chartered Surveyors _94900 |
||
| 710 |
_aCollege of Estate Management _9400 |
||
| 942 | _n0 | ||
| 948 | _c04/03/1997 | ||
| 999 |
_c85220 _d85220 |
||